Derecho Procesal Penal Chileno Preparacin̤ del juicio, procedimientos especiales, ejecucin̤ de sentencias, accin̤ civil / Parte II

Detalles Bibliográficos
Autor principal: Horvitz Lennon, Mara̕ Inš
Formato: Desconocido
Lenguaje:español
Publicado: Chile : Jurd̕ica de las Americas , 2008
Materias:
Acceso en línea:Acceso restringido

MARC

LEADER 00000ny a22000003n 4500
005 20110621125415.0
008 100324s cl 000 0 spa d
020 |a 9789687884950 
035 |a 3286 
040 |a BUS  |d vLex 
090 |c 40  |d 40 
100 1 |a Horvitz Lennon, Mara̕ Inš  
245 1 0 |a Derecho Procesal Penal Chileno  |h [Recurso electrn̤ico]  |b Preparacin̤ del juicio, procedimientos especiales, ejecucin̤ de sentencias, accin̤ civil /  |c Mara̕ Inš Horvitz Lennon ; Juliǹ Lp̤ez Masle  |p Parte II 
256 |a Servicio en ln̕ea 
260 |a Chile :  |b Jurd̕ica de las Americas ,  |c 2008 
300 |a v. 
506 1 |a Contenido solo disponible en los productos indicados  |d vLex Global  |d vLex Global (Academic Edition, excluding Law Schools)  |d vLex Global (U.S. Academic Edition, Law Schools)  |d vLex Global (U.S. Academic Edition, excluding Law Schools)  |d vLex Global (Academic Edition, Law Schools) 
650 0 4 |a Derecho penal 
740 0 |a vLex Libros (Servicios en ln̕ea) 
856 4 0 |u http://vlex.com/source/3286  |z Acceso restringido 
942 |c BOOK 
999 0 |a Criminal Law   |b Mx̌ico